000 00449nam a22001817a 4500
003 MPLRDC
005 20220104124328.0
008 210129b ||||| |||| 00| 0 eng d
082 _a868.71 FX-4 v.1
100 _a方修编
245 _a流冰作品选
_c
250 _a第一版
260 _a
_b上海书局有限公司
_c1979
300 _b
490 _a马华文学六十年集
650 _a马华文学
942 _cBK
_o868.71 FX-4 v.1
999 _c18459
_d18449